Mis mascotas / (Registro nro. 31813)

Detalles MARC
000 -CABECERA
Longitud fija campo de control 00836nam a2200253 a 4500
003 - • IDENTIFICADOR DELl NÚMERO DE CONTROL
Identificador del número de control CO-ViMGA
005 - • FECHA Y HORA DE LA ÚLTIMA TRANSACCIÓN
Fecha y hora de la última transacción 20230915234403.0
008 - • CÓDIGOS DE INFORMACIÓN DE LONGITUD FIJA
Códigos de información de longitud fija 080319s2008 ck a jr 0001p spa d
020 ## - • NÚMERO INTERNACIONAL NORMALIZADO PARA LIBROS
Número Internacional Normalizado para Libros (ISBN) 9789583028557
040 ## - FUENTE DE LA CATALOGACIÓN
Centro catalogador de origen CO-ViMGA
Lengua de catalogación spa
Centro transcriptor CO-ViMGA
043 ## - CÓDIGO DE ÁREA GEOGRÁFICA
Código de área geográfica s-ck---
082 04 - • NÚMERO DE LA CLASIFICACIÓN DECIMAL DEWEY
Número de clasificación (R) I861.6
Número del ítem P82m
Número de edición 21
100 1# - • PUNTO DE ACCESO PRINCIPAL-NOMBRE DE PERSONA
Nombre de persona Puccini de Rosado, Nora,
Fechas asociadas al nombre 1940-
245 10 - • TITULO PROPIAMENTE DICHO
Título Mis mascotas /
Mención de responsabilidad, etc. Nora Puccini de Rosado ; ilustraciones Helena Melo Tovar.
250 ## - • MENCIÓN DE EDICIÓN
Mención de edición Edición Mireya Fonseca Leal.
300 ## - • DESCRIPCIÓN FÍSICA
Extensión 49 p. :
Otras características físicas il. ;
Dimensiones 23 cm.
650 14 - • PUNTO DE ACCESO ADICIONAL DE MATERIA - TÉRMINO DE MATERIA
Término de materia o nombre geográfico como elemento inicial Mascotas
Subdivisión de forma Poesías.
650 14 - • PUNTO DE ACCESO ADICIONAL DE MATERIA - TÉRMINO DE MATERIA
Término de materia o nombre geográfico como elemento inicial Poesía infantil colombiana.
700 1# - • PUNTO DE ACCESO ADICIONAL - NOMBRE DE PERSONA
Nombre de persona Fonseca Leal, Raquel Mireya,
Término indicativo de función ed.
700 1# - • PUNTO DE ACCESO ADICIONAL - NOMBRE DE PERSONA
Nombre de persona Melo Tovar, Helena,
Fechas asociadas al nombre 1981,
Término indicativo de función il.
942 ## - ENTRADA DE ELEMENTOS AGREGADOS (KOHA)
Fuente de clasificaión o esquema Dewey Decimal Classification
Koha [por defecto] tipo de item LIbro
Existencias
Perdido Fuente de clasificación o esquema Estado Físico No para préstamo Forma de adquisición Localización permanente Localización actual Fecha adquisición Serie de enumeración / cronolog&íacute;a Préstamos totales Signatura completa Código de barras Fecha última consulta Número de copia Fecha del precio de reemplazo Tipo de item de Koha Fecha último préstamo
  Dewey Decimal Classification     Sala Infantil Segundo Piso Biblioteca Pública Germán Arciniegas - Villavicencio Biblioteca Pública Germán Arciniegas - Villavicencio 12/04/2015 10/ago/2011   PUCm 24605 12/04/2015 Ej. 1 12/04/2015 LIbro  
  Dewey Decimal Classification     Sala Infantil Segundo Piso Biblioteca Pública Germán Arciniegas - Villavicencio Biblioteca Pública Germán Arciniegas - Villavicencio 11/10/2016   1 I861.6 P82m 30243 09/21/2021 Ej. 1 11/10/2016 LIbro 09/09/2021









Instituto Departamental de Cultura del Meta - Red Departamental de Bibliotecas Públicas del Meta.